Fantasy fiction.

Saved in:
Bibliographic Details
Previous Title:Fantasy magazine (New York, N.Y. : 1953)
Format: Journal
Language:English
Published: New York : Future Publications, 1953.
Subjects:
Tags: Add Tag
No Tags, Be the first to tag this record!
LEADER 00867cas a2200289 a 4500
001 012754809-2
005 20110428163559.0
008 890104d19531953nyubr p 0 a0eng d
010 |a sn 91013125  
035 0 |a ocm18969953 
040 |a CRU  |c CRU  |d IXA  |d NST  |d OCL  |d OCLCQ 
042 |a lcd 
050 4 |a PZ1.A1  |b F393 
130 0 |a Fantasy fiction (New York, N.Y. : 1953) 
245 0 0 |a Fantasy fiction. 
246 1 8 |a Fantasy fiction magazine 
260 |a New York :  |b Future Publications,  |c 1953. 
300 |a v. :  |b ill. ;  |c 20 cm. 
310 |a Bimonthly 
362 0 |a Vol. 1, no. 2 (June 1953)-v. 1, no. 4 (Nov. 1953). 
500 |a Title from cover. 
650 0 |a Fantasy fiction  |v Periodicals. 
650 0 |a Science fiction  |v Periodicals. 
780 0 0 |t Fantasy magazine (New York, N.Y. : 1953)  |w (OCoLC)8022029 
988 |a 20110428 
049 |a HHGG 
906 |0 OCLC